000 00882cam a2200253 4500500
005 20260111080457.0
041 _afre
042 _adc
100 1 0 _aBezzina, Anne-Charlène
_eauthor
245 0 0 _aLes questions citoyennes devant les juridictions financières
260 _c2022.
500 _a59
690 _aconseil constitutionnel
690 _acontentieux financier
690 _acour des comptes
690 _adroits du citoyen
690 _adroits processeurs fondamentaux
690 _ajuridictions financières
690 _ajustice financière
690 _aprocès équitable
690 _aquestion prioritaire de constitutionnalité
786 0 _nGestion & Finances Publiques | 2 | 2 | 2022-04-05 | p. 74-81 | 1969-1009
856 4 1 _uhttps://droit.cairn.info/revue-gestion-et-finances-publiques-2022-2-page-74?lang=fr&redirect-ssocas=7080
999 _c1616353
_d1616353